Phương pháp dạy tiếng việt cho học sinh dân tộc cấp tiểu học Tài liệu bồi dưỡng giáo viên

Đã lưu trong:
書目詳細資料
主要作者: Mông, Ký Slay
其他作者: Trần, Mạnh Hưởng
格式: 圖書
語言:Undetermined
出版: H. Giáo dục 2006
主題:
在線閱讀:http://lrc.tdmu.edu.vn/opac/search/detail.asp?aID=2&ID=4159
標簽: 添加標簽
沒有標簽, 成為第一個標記此記錄!
Thư viện lưu trữ: Trung tâm Học liệu Trường Đại học Thủ Dầu Một
LEADER 00825nam a2200217Ia 4500
001 TDMU_4159
008 210410s9999 xx 000 0 und d
082 |a 372.6 
090 |b M431 
100 |a Mông, Ký Slay 
245 0 |a Phương pháp dạy tiếng việt cho học sinh dân tộc cấp tiểu học 
245 0 |b Tài liệu bồi dưỡng giáo viên 
245 0 |c Mông Ký Slay 
260 |a H. 
260 |b Giáo dục 
260 |c 2006 
300 |a 175tr. 
650 |a Tiếng Việt  |x Giảng dạy và học tập  |x Tiểu học; Giáo dục tiểu học  |x Tiếng Việt 
700 |a Trần, Mạnh Hưởng 
856 |u http://lrc.tdmu.edu.vn/opac/search/detail.asp?aID=2&ID=4159 
980 |a Trung tâm Học liệu Trường Đại học Thủ Dầu Một